| 000 | 01137nam0a2200325 i 4500 | ||
|---|---|---|---|
| 001 | RU\NLR\bibl\1919314 | ||
| 005 | 20241104173734.0 | ||
| 010 | _a9785903788170 | ||
| 021 |
_aRU _b2012-42337 _93134 |
||
| 035 | _a(nilc)RSL-KNO-005452880 | ||
| 035 | _a(NLR Aleph) 001908789 | ||
| 090 |
_a3147632 _c3147632 |
||
| 100 | _a20120618d2012 u y0rusy50 ca | ||
| 101 | 1 |
_arus _cund |
|
| 102 | _aRU | ||
| 105 | _aa ||||||||| | ||
| 200 | 1 |
_aÐаÑÑин ÐаÑÑ: в Ñвоем жанÑе _eинÑеÑвÑÑ Ñ ÐвенÑином Ðажаком _e[пеÑевод] |
|
| 210 |
_aÐоÑква _cTreemedia _d2012 |
||
| 215 |
_a123, [2] Ñ. _cил., Ñв. ил., поÑÑÑ. _d21 |
||
| 600 | 1 |
_aÐаÑÑ _bÐ. _f1952 _gÐаÑÑин _xÐнÑеÑвÑÑ _92135582 _3RU\NLR\auth\661592120 |
|
| 686 |
_aЩ163(4Ðл)6-8ÐаÑÑ Ð.12Ñ6 _2rubbk |
||
| 686 | _aЩ163(4Ðл)6-8ÐаÑÑ | ||
| 700 | 1 |
_aÐаÑÑ _bÐ. _f1952- _gÐаÑÑин _4070 |
|
| 701 | 1 |
_aÐажак _bÐ. _gÐвенÑин _4070 |
|
| 801 | 0 |
_aRU _bRuMoRKP _c20120618 _grcr |
|
| 801 | 1 |
_aRU _bÐ ÐÐ _c20120618 |
|
| 801 | 2 |
_aRU _bNLR _c20120628 _grcr |
|
| 942 | _cBOOK | ||
| 980 | _aNBR | ||